000 00792nam a2200217 u 4500
001 000020706
005 20200930011141.0
008 100813s2001 dr r 000 0 spa d
040 _aDO-SdBNP
_bspa
_cBPJMB
082 _a370.197293
_bH557h, 2001
100 1 _aHernández, Pablo María
_943451
245 1 0 _aHistoria del pensamiento pedagógico en la República Dominicana /
_cPablo María Hernández.
250 _a3a ed.
260 _aSanto Domingo :
_bImpresos Goris,
_c2001.
300 _a298 p. ;
_c22 cm.
500 _aIncluye datos biográficos del autor en la contraportada
504 _aBibliografía: p. 295-298
650 4 _aEducación
_zRepública Dominicana
_xHistoria
_913100
650 4 _aMaestros
_zRep
_943452
650 4 _aMaestros
_zRepública Dominicana
_xBiografías
_917426
999 _c20210
_d20210